| 000 | 00497cam a2200193ua 4500 | ||
|---|---|---|---|
| 001 | 2131 | ||
| 005 | 20260515113441.0 | ||
| 008 | 110805n ii |||gr||||Z||||||eng | ||
| 040 | _cMAIN | ||
| 082 | _a150 | ||
| 100 | _aMurphy, Gardner, | ||
| 245 | 1 |
_aIntroduction to psychology _cby Gardner Murphy |
|
| 250 | _a2nd. | ||
| 260 |
_acalcutta: _bOxford & ibh publishing co.,968. |
||
| 300 |
_axvii; 583p: _bill; _c23cm. |
||
| 653 | _aPsychology | ||
| 653 | _aIntroduction to psychology | ||
| 942 | _cBK | ||
| 999 |
_c1997 _d1997 |
||